<?xml version='1.0' encoding='UTF-8'?>
  <record xmlns="http://www.loc.gov/MARC21/slim">
    <leader>00000cam a2200000 i 4500</leader>
    <controlfield tag="001">ocm64341154</controlfield>
    <controlfield tag="003">OCoLC</controlfield>
    <controlfield tag="005">20251119195722.1</controlfield>
    <controlfield tag="008">861216s1898    ne            000 0 dut d</controlfield>
    <datafield tag="040" ind1=" " ind2=" ">
      <subfield code="a">NLGGC</subfield>
      <subfield code="b">dut</subfield>
      <subfield code="e">fobidrtb</subfield>
      <subfield code="c">NLGGC</subfield>
      <subfield code="d">OCLCO</subfield>
      <subfield code="d">OCLCL</subfield>
      <subfield code="d">OCLCQ</subfield>
    </datafield>
    <datafield tag="029" ind1="0" ind2=" ">
      <subfield code="a">NLGGC</subfield>
      <subfield code="b">865818940</subfield>
    </datafield>
    <datafield tag="035" ind1=" " ind2=" ">
      <subfield code="a">(OCoLC)64341154</subfield>
    </datafield>
    <datafield tag="041" ind1="1" ind2=" ">
      <subfield code="a">dut</subfield>
      <subfield code="h">dan</subfield>
    </datafield>
    <datafield tag="100" ind1="1" ind2=" ">
      <subfield code="a">Bramsen, Ludvig</subfield>
      <subfield code="q">(Ludwig Ernst),</subfield>
      <subfield code="d">1847-1914.</subfield>
    </datafield>
    <datafield tag="245" ind1="1" ind2="0">
      <subfield code="a">Wettelijke regeling van schadevergoeding aan arbeiders wegens ongelukken in gevaarlijke bedrijven /</subfield>
      <subfield code="c">door Ludvig Bramsen ; [vert. uit het Deensch door C. Henny].</subfield>
    </datafield>
    <datafield tag="260" ind1=" " ind2=" ">
      <subfield code="a">Zutphen :</subfield>
      <subfield code="b">W.J. Thieme,</subfield>
      <subfield code="c">[1898]</subfield>
    </datafield>
    <datafield tag="300" ind1=" " ind2=" ">
      <subfield code="a">44 p. ;</subfield>
      <subfield code="c">24 cm.</subfield>
    </datafield>
    <datafield tag="336" ind1=" " ind2=" ">
      <subfield code="a">tekst</subfield>
      <subfield code="b">txt</subfield>
      <subfield code="2">rdacontent/dut</subfield>
    </datafield>
    <datafield tag="337" ind1=" " ind2=" ">
      <subfield code="a">zonder medium</subfield>
      <subfield code="b">n</subfield>
      <subfield code="2">rdamedia/dut</subfield>
    </datafield>
    <datafield tag="338" ind1=" " ind2=" ">
      <subfield code="a">band</subfield>
      <subfield code="b">nc</subfield>
      <subfield code="2">rdacarrier/dut</subfield>
    </datafield>
    <datafield tag="500" ind1=" " ind2=" ">
      <subfield code="a">Bevat: Wet tot regeling van verzekering van arbeiders tegen de gevolgen van ongelukken bij bepaalde werkzaamheden : aangenomen door het Landsthing bij de 3e behandeling den 24sten Nov. 1897 / vert. van Gerrit P. Bakker.</subfield>
    </datafield>
    <datafield tag="530" ind1=" " ind2=" ">
      <subfield code="a">Ook beschikbaar in microvorm.</subfield>
    </datafield>
    <datafield tag="650" ind1=" " ind2="7">
      <subfield code="a">Sociale voorzieningen.</subfield>
      <subfield code="2">trfarn</subfield>
    </datafield>
    <datafield tag="700" ind1="1" ind2=" ">
      <subfield code="a">Henny, Carel</subfield>
      <subfield code="q">(Carel Anne)</subfield>
    </datafield>
    <datafield tag="700" ind1="1" ind2=" ">
      <subfield code="a">Bakker, Gerrit P.</subfield>
    </datafield>
    <datafield tag="758" ind1=" " ind2=" ">
      <subfield code="a">Wettelijke regeling van schadevergoeding aan arbeiders wegens ongelukken in gevaarlijke bedrijven (Text)</subfield>
      <subfield code="1">https://id.oclc.org/worldcat/entity/E39PCGhw7TQJchXvBB9JdyvBmq</subfield>
      <subfield code="4">https://id.oclc.org/worldcat/ontology/hasWork</subfield>
    </datafield>
    <datafield tag="776" ind1="0" ind2=" ">
      <subfield code="t">Wettelijke regeling van schadevergoeding aan arbeiders wegens ongelukken in gevaarlijke bedrijven</subfield>
      <subfield code="w">(NL-LeOCL)393873811</subfield>
    </datafield>
    <datafield tag="856" ind1="4" ind2="2">
      <subfield code="y">digitale versie</subfield>
      <subfield code="q">jpeg/tiff/pdf</subfield>
      <subfield code="u">https://rozet.nl/catalogus/658990</subfield>
    </datafield>
    <datafield tag="936" ind1=" " ind2=" ">
      <subfield code="a">BATCHLOAD</subfield>
    </datafield>
  </record>